000 00540nam a2200193Ia 4500
003 GCL
008 140319s9999 xx 000 0 eng d
040 _aGCL /
_cGCL
082 0 4 _aCC
_b930.1932
_bD D
100 1 _aDIMDE, MANFRED
245 1 0 _aDIE HEILKRAFT DER PYRAMIDEN: DIE GEHEIMNISSE DER ALTAGYPTISCHEN PRIESTER UND HEILER /
_cDIMDE, MANFRED
260 _a[S.N] :
_bMVG ،
_c1997
300 _a270 P
650 0 4 _aHISTORY
650 0 4 _aPYRAMIDS
650 0 4 _aHISTORY, ANCIENT
650 0 4 _aEGYPT - ANTIQUITIES
942 _2ddc
_cBK
999 _c16241
_d16241